Normal view
MARC view
- الثقافة العربية- مؤتمرات
Entry Topical Term
001 - CONTROL NUMBER
- control field: 45420
003 - CONTROL NUMBER IDENTIFIER
- control field: JO-AjAnu
005 - DATE AND TIME OF LATEST TRANSACTION
- control field: 20230606081519.0
008 - FIXED-LENGTH DATA ELEMENTS
- fixed length control field: 230606|| aca||aabn | a|a d
040 ## - CATALOGING SOURCE
- Original cataloging agency: JO-AjAnu
- Transcribing agency: JO-AjAnu
150 ## - HEADING--TOPICAL TERM
- Topical term or geographic name entry element: الثقافة العربية- مؤتمرات
670 ## - SOURCE DATA FOUND
- Source citation: Work cat.: (JO-AjAnu)23254: منشورات المجمع الملكي الثقافي العربي, author 45419, الثقافة العربية بين صيانة الذات ورهان التحول: أعمال المؤتمر العربي الرابع/ المجمع الملكي الثقافي العربي 10و11و12 ديسمبر(كانون الاول) 1997